000 004700000a22001810004500
003 LK-CoMWRAF
005 20231106132130.0
008 230817t1964 ||||| |||| 00| 0 eng d
040 _aLK-CoMWRAF
_dLK-CoMWRAF
_eLK-CoMWRAF
041 _aeng
082 _a954.93
_bARA
100 _aArasaratnam, S.
245 _aCeylon
260 _aNew Jersy:
_bPrentice-Hall,
_c1964
300 _avi, 182 p. maps. 21 cm.
_bIndex included
650 _aHISTORY-Sri Lanka
942 _cBK
999 _c1095
_d1095